Statystyki dla Spikselizowana Mapa Europy

Kliknij tutaj aby rozwiązać quiz!

Ogólne statystyki

  • Ten quiz został rozwiązany 48 111 razy
  • Średni wynik to 267 z 279

Odpowiedzi na mapie

Odpowiedzi skodowane kolorowo w zielono-czerwonej skali na mapie do tego quizu, zgodnie z poniższymi procentami.
Ładowanie ...
 

Statystyki odpowiedzi

Kraj% Poprawnych
Polska
100%
Rosja
99%
Ukraina | Rosja
99%
Niemcy
99%
Hiszpania
98%
Francja
98%
Litwa
97%
Włochy
97%
Portugalia
97%
Szwecja
97%
Norwegia
97%
Wielka Brytania
97%
Finlandia
96%
Łotwa
96%
Ukraina
95%
Białoruś
95%
Irlandia
95%
Islandia
94%
Dania
93%
Estonia
93%
Belgia
92%
Czechy
92%
Słowacja
92%
Holandia
92%
Grecja
91%
Chorwacja
86%
Szwajcaria
84%
Słowenia
83%
Rumunia
83%
Austria
82%
Węgry
80%
Bośnia i Hercegowina
78%
Serbia
77%
Bułgaria
76%
Mołdawia
73%
Czarnogóra
70%
Kosowo
69%

Rozkład punktacji

Percentyl według liczby udzielonych odpowiedzi

Procent ludzi z każdym wynikiem

Twoja historia wyników

Nie rozwiązałeś tego quizu